Wortgemisch - Länder Amerikas - Statistiken

Allgemein
  • Dieses Quiz wurde 148 mal gespielt
  • Das Durchschnittsergebnis liegt bei 17 aus 22
Antwortstatistiken
Wortgemisch Land % Korrekt
mnaapa Panama🇵🇦
96%
pure Peru🇵🇪
96%
baku Kuba🇨🇺
95%
zelibe Belize🇧🇿
92%
dakana Kanada🇨🇦
91%
eilhc Chile🇨🇱
88%
occastira Costa Rica🇨🇷
88%
lzuanevee Venezuela🇻🇪
88%
evinolib Bolivien🇧🇴
86%
sabamah Bahamas🇧🇸
80%
rababsdo Barbados🇧🇧
80%
ginacuraa Nicaragua🇳🇮
80%
temualaga Guatemala🇬🇹
77%
iliaesrbn Brasilien🇧🇷
72%
aengrad Grenada🇬🇩
70%
numolibek Kolumbien🇨🇴
69%
grenateinin Argentinien🇦🇷
66%
imesruna Suriname🇸🇷
59%
iindtaogbdatunrod Trinidad und Tobago🇹🇹
59%
curadeo Ecuador🇪🇨
58%
mincadio Dominica🇩🇲
54%
veralodsal El Salvador🇸🇻
54%
Keine übereinstimmenden Quizze gefunden
Verteilung der Resultate
Anzahl Personen mit jedem Resultat
Perzentil nach korrekt beantworteten Fragen
Ihre Resultats-Entwicklung
Sie haben dieses Quiz noch nicht gespielt